000 00941nam a2200301 a 4500
001 000037893
003 DO-SdBNP
005 20250411094134.0
007 000037893
008 130308s2006 sp 000 0 spa d
020 _a9788493473945
040 _aBPMSU
_bspa
_cBPMSU
082 _a891.823
_bP497m 2006
_222
100 1 _aPetrovic, Goran
_d1961-
245 1 3 _aLa mano de la buena fortuna /
_cGoran Patrovic ; traductor Dubravka Suznjevié.
260 _aMadrid :
_bSextopiso,
_c2006.
300 _a317 p. :. ;
_c23 cm.
490 _aNarrativa sexto piso
500 _aIncluye datos biográficos del autor en la solapa de la cubierta
590 _aInventariado, 2025/VM
650 4 _aNovela serbia
650 4 _aArte de escribir
_vNovela
650 4 _aAutores
_vNovela
650 4 _aLiteratura
_vNovela
700 1 _aSuznjevié, Dubravka,
_etraductora
910 _aVMateo V. Control de calidad. BPMSU
942 _2ddc
_cBK
999 _c8695
_d8695